Hvilke historiske bygninger skal du besøge i London - Statistics

General Stats
  • This quiz has been taken 13 times
  • The average score is 2 of 5
Answer Stats
Answer % Correct
Big Ben
82%
Buckingham Palace
27%
Tower Bridge
27%
Westminster Abbey
27%
St Paul's Cathedral
0%
No matching quizzes found
Score Distribution
Percent of People with Each Score
Percentile by Number Answered
Your Score History
You have not taken this quiz